000
00320nam a22001337a 4500
020
_a
81-7245-123-7
082
_a
001
_b
CHA/F
100
_a
CHANDRA, REKHA
245
_a
500 AMAZING QUESTIONS AND ANSWERS
260
_a
DELHI
_b
GOODWILL PUBLISHING HOUSE
300
_a
192
650
_a
GENERAL KNOWLEDGE
_z
INDIA
942
_c
BK
999
_c
6291
_d
6291